Chaîne de mots - 3 lettres - Statistiques

Statistiques générales
  • Ce quiz a été pris 202 fois
  • Le résultat moyen est 13 sur 20
Statistiques - réponses
Définiton Réponse % Correct
Boisson anglaise Thé
86%
Terre entourée d'eau Ile
84%
Point cardinal Est
83%
Le président l'a été Elu
75%
De cheveux ou de blé Epi
71%
Titre de noblesse Duc
70%
Régie la justice Loi
69%
Période temporel Ere
68%
Partie de l'oeil Cil
65%
Fermeture Zip
61%
Bien Mal
60%
Fibre végétal naturelle Lin
59%
On y pose un ballon ou une balle Tie
57%
Unité de résistance Ohm
56%
Élément chimique Fer
54%
NIveau 0 Rez
54%
Repère d'animaux de classe "Aves" Nid
52%
Préfixe d'égalité Iso
49%
Nombre de coups pour un trou au golf Par
48%
Éructation Rot
48%
Aucun quiz correspondant
Distribution des résultats
% des personnes avec chaque résultat
Percentile par nombre de réponses
Votre historique - résultats
Vous n’avez pas pris ce quiz